LEADER 00898nam0-22002891i-450- 001 990006533230403321 005 20100429135624.0 035 $a000653323 035 $aFED01000653323 035 $a(Aleph)000653323FED01 035 $a000653323 100 $a20010426d1969----km-y0itay50------ba 101 0 $aita 105 $ay-------001yy 200 1 $aArt. 2, Legge 16 giugno 1932, n. 973$ecostituzionale, incostituzionale o inapplicabile?$fPaolo Caretti 210 $aTorino$cU.T.E.T.$d1969. 215 $a13 p.$d22 cm 300 $aEstratto da: "Giurisprudenza Italiana. 1969, Disp. 7a, parte IV". 676 $a342.4503 700 1$aCaretti,$bPaolo$f<1944- >$0142515 801 0$aIT$bUNINA$gRICA$2UNIMARC 901 $aBK 912 $a990006533230403321 952 $aBUSTA I B 381$b7797$fFSPBC 959 $aFSPBC 996 $aArt. 2, Legge 16 giugno 1932, n. 973$9620074 997 $aUNINA